000 00766nam a2200253Ia 4500
999 _c51302
_d51302
001 18271
003 GE_BSU
005 20230324173352.0
008 181216s2008||||fr |||||||||||||| ||fre||
020 _a9782090352153
040 _cGE_BSU
041 _aFre
080 _a811.133.1 G-72
100 _aGrand-Clement, Odile
_917241
245 _aCivilisation en dialogues :
_bNiveau Intermediaire /
_cOdile Grand-Clement ; Odile Tanoh-Benon
264 _aParis :
_bCLE International,
_c2008.
300 _a126 p. :
_b ill. ;
_c29 cm.
_e+1CD
541 _h103 Gel. 50T.
653 _aCivilisation en dialogues
653 _aNiveau Intermediaire
653 _aფრანგული ენა
700 _aTanoh-Benon, Odile
_eEdition
_97390
942 _cBK
_2udc